banner-ar

علم اللغة بين التراث والمناهج الحديثة / (Record no. 66724)

MARC details
000 -الفاتح
حقل البيانات ثابتة الطول 00851nam a2200241Ia 4500
005 - وقت وتاريخ اخر تعامل مع التسجيلة
رقم الضبط 20240530110935.0
008 - عناصر البيانات ثابتة الطول - معلومات عامة
حقل البيانات ثابتة الطول 140319s1970 xx 000 0 ara d
040 ## - مصدر الفهرسة
وكالة الفهرسة الأصلية GCL /
وكالة النسخ GCL
082 04 - رقم تصنيف ديوى العشرى
رقم التصنيف 411\
رقم المادة م ع
100 0# - المدخل الرئيسى - إسم شخصى
الإسم الشخصى محمود فهمى حجازى
245 10 - بيان العنوان
العنوان علم اللغة بين التراث والمناهج الحديثة /
بيان المسئوليه,etc محمود فهمى حجازى
250 ## - بيان الطبعة
بيان الطبعة ط.1
260 ## - PUBLICATION, DISTRIBUTION, ETC. (IMPRINT)
تاريخ النشر أو التوزيع 1970
300 ## - الوصف المادى
التعداد 119 ص،
تفاصيل ماديه اخرى للوعاء 20 سم
490 0# - بيان السلسلة
عنوان السلسلة المكتبة الثقافية ؛
رقم المجلد/ التعيين التسلسلي 249
650 04 - المدخل الاضافى بالموضوع-مصطلح موضوعى
مصطلح موضوعي علم اللغة
650 04 - المدخل الاضافى بالموضوع-مصطلح موضوعى
مصطلح موضوعي الاصوات
650 04 - المدخل الاضافى بالموضوع-مصطلح موضوعى
مصطلح موضوعي بناء الجملة
650 04 - المدخل الاضافى بالموضوع-مصطلح موضوعى
مصطلح موضوعي بناء الكلمة
650 04 - المدخل الاضافى بالموضوع-مصطلح موضوعى
مصطلح موضوعي الايستمولوجى
942 ## - عناصر المدخل الإضافي( كوها)
مصدر التصنيف او مخطط الترفيف Dewey Decimal Classification
Koha [default] item type كتاب
260 ## - PUBLICATION, DISTRIBUTION, ETC. (IMPRINT)
-- القاهرة :
-- الهيئة المصرية العامة للتاليف والترجمة ،
Holdings
حالة التراجع حالة الفقد حالة تلف ليس للاعارة المكان المؤقت الموقع الحالى تاريخ الاكتساب اجمالي اﻻعارات رقم الطلب الباركود تاريخ اخر مشاهدة تاريخ تفعيل السعر نوع وعاء كوها
        مكتبة القاهرة الكبرى مكتبة القاهرة الكبرى 09/25/2022   411\ م ع 168551 09/25/2022 09/25/2022 كتاب

Powered By

EGPV